El Banco Mundial y la Tierra: ofensiva y resistencia en América Latina, Africa y Asia

Uloženo v:
Podrobná bibliografie
Hlavní autor: Dias Martins, Mônica
Médium: Neznámo
Vydáno: San José: DEI
Témata:
Tagy: Přidat tag
Žádné tagy, Buďte první, kdo vytvoří štítek k tomuto záznamu!

MARC

LEADER 00000 a2200000 04500
001 39568
003
008 991231s d
040
020 |a 9977-83-149-1  
022 |a 9977-83-149-1  
090 |a 0001 D541b  
100 |a Dias Martins, Mônica  
245 |a El Banco Mundial y la Tierra: ofensiva y resistencia en América Latina, Africa y Asia  
260 |a San José:   |b DEI  
300 |a 310 p.  
650 |a POLITICA AGRARIA  
650 |a BANCO MUNDIAL  
999 |c 11175  |d 11175